[Event "Titled Tuesday intern op 18th Apr Late"]
[Site "Chess.com INT"]
[Date "2023.04.18"]
[Round "1"]
[White "Klenburg, Mikhail"]
[Black "Sailer, Mike L"]
[Result "0-1"]
[WhiteElo "2325"]
[BlackElo "2109"]
[PlyCount "72"]
[EventDate "2023.04.18"]
[EventType "swiss (blitz)"]
[EventRounds "11"]
[EventCountry "USA"]
[SourceTitle "EXT 2024"]
[Source "ChessBase"]
[SourceDate "2023.10.10"]
[SourceVersion "1"]
[SourceVersionDate "2023.10.10"]
[SourceQuality "1"]

1. e4 d5 2. exd5 Qxd5 3. Nc3 Qd6 4. d4 Nf6 5. Nf3 c6 6. Ne5 Nbd7 7. Nc4 Qc7 8. Qf3 Nb6 9. Ne5 Be6 10. Bf4 Qd8 11. 0-0-0 g6 12. h3 Bg7 13. Kb1 h5 14. Qe2 Nbd5 15. Bd2 Nxc3+ 16. Bxc3 Nd5 17. Bd2 Qb6 18. c3 0-0-0 19. Nc4 Qc7 20. Ka1 Bh6 21. Bxh6 Rxh6 22. Qe1 h4 23. Bd3 Qf4 24. Ne5 f6 25. Nf3 Bf5 26. Bxf5+ Qxf5 27. Qd2 Nf4 28. Rhe1 Rh7 29. Rg1 g5 30. Ne1 e5 31. Nc2 Ne6 32. Qe3 Re7 33. Qe2 exd4 34. Qd2 Red7 35. Rge1 dxc3 36. Qxc3 Rxd1+ 0-1

[Event "Titled Tuesday intern op 11th Apr Late"]
[Site "Chess.com INT"]
[Date "2023.04.11"]
[Round "7"]
[White "Klenburg, Mikhail"]
[Black "Davidson, Kevin"]
[Result "1-0"]
[WhiteElo "2325"]
[BlackElo "2154"]
[PlyCount "83"]
[EventDate "2023.04.11"]
[EventType "swiss (blitz)"]
[EventRounds "11"]
[EventCountry "USA"]
[SourceTitle "CBM 213 Extra"]
[Source "ChessBase"]
[SourceDate "2023.05.31"]
[SourceVersion "1"]
[SourceVersionDate "2023.05.31"]
[SourceQuality "1"]

1. e4 c5 2. d3 Nc6 3. g3 g6 4. Bg2 Bg7 5. f4 d6 6. Nf3 Nf6 7. 0-0 0-0 8. h3 Rb8 9. g4 b5 10. Nc3 b4 11. Ne2 a5 12. Be3 Nd7 13. Rb1 a4 14. Qd2 Qb6 15. f5 Nde5 16. Nxe5 Nxe5 17. Kh1 Ba6 18. b3 axb3 19. axb3 Bb7 20. g5 Rfe8 21. f6 exf6 22. gxf6 Bh8 23. Bg5 Ra8 24. Ra1 Ra3 25. h4 Rea8 26. Rac1 Ra2 27. h5 R8a3 28. hxg6 hxg6 29. Qe1 Rb2 30. Rf4 Raa2 31. Rh4 Qd8 32. Rxh8+ Kxh8 33. Qh4+ Kg8 34. Bh6 g5 35. Qxg5+ Ng6 36. Bg7 Rxc2 37. Rxc2 Rxc2 38. Nf4 Qe8 39. Qh6 Bc8 40. Nd5 Be6 41. Ne7+ Qxe7 42. fxe7 1-0

[Event "Titled Tuesday intern op 11th Apr Late"]
[Site "Chess.com INT"]
[Date "2023.04.11"]
[Round "5"]
[White "Kujawski, Adam"]
[Black "Klenburg, Mikhail"]
[Result "0-1"]
[WhiteElo "2191"]
[BlackElo "2325"]
[PlyCount "66"]
[EventDate "2023.04.11"]
[EventType "swiss (blitz)"]
[EventRounds "11"]
[EventCountry "USA"]
[SourceTitle "CBM 213 Extra"]
[Source "ChessBase"]
[SourceDate "2023.05.31"]
[SourceVersion "1"]
[SourceVersionDate "2023.05.31"]
[SourceQuality "1"]

1. e4 d6 2. d4 Nf6 3. Nc3 g6 4. h3 Bg7 5. Nf3 0-0 6. Be3 a6 7. a4 e6 8. g3 Nc6 9. Bg2 Nb4 10. 0-0 Re8 11. Qd2 a5 12. Rac1 b6 13. Bh6 Bb7 14. Bxg7 Kxg7 15. Qf4 h6 16. h4 Qe7 17. g4 e5 18. dxe5 dxe5 19. Qg3 Nxe4 20. Nxe4 Bxe4 21. Rfe1 Bxf3 22. Bxf3 Rad8 23. g5 hxg5 24. hxg5 Qc5 25. Kg2 Rd2 26. Rh1 e4 27. Qh4 exf3+ 28. Kg1 Kf8 29. Qh8+ Ke7 30. Qf6+ Kd7 31. Qxf7+ Re7 32. Qxf3 Qxg5+ 33. Kf1 Qd5 0-1

[Event "Titled Tuesday intern op 04th Apr Late"]
[Site "Chess.com INT"]
[Date "2023.04.04"]
[Round "4"]
[White "Jelcic, Marko"]
[Black "Klenburg, Mikhail"]
[Result "0-1"]
[WhiteElo "2201"]
[BlackElo "2325"]
[PlyCount "94"]
[EventDate "2023.04.04"]
[EventType "swiss (blitz)"]
[EventRounds "11"]
[EventCountry "USA"]
[SourceTitle "EXT 2024"]
[Source "ChessBase"]
[SourceDate "2023.10.10"]
[SourceVersion "1"]
[SourceVersionDate "2023.10.10"]
[SourceQuality "1"]

1. e4 d6 2. d4 Nf6 3. Nc3 g6 4. f4 Bg7 5. Nf3 c5 6. Bb5+ Bd7 7. e5 Ng4 8. Bxd7+ Qxd7 9. d5 dxe5 10. h3 e4 11. hxg4 exf3 12. Qxf3 Na6 13. Bd2 0-0-0 14. 0-0-0 Nc7 15. Qe3 b6 16. g5 e6 17. dxe6 Nxe6 18. Qe4 Qb7 19. Qxb7+ Kxb7 20. g3 Kc6 21. Ne4 Nd4 22. Kb1 Rde8 23. Nf2 Re2 24. Nd3 Nf5 25. Rh3 h5 26. gxh6 Rxh6 27. Rxh6 Bxh6 28. Bc3 Nxg3 29. Ne5+ Kb5 30. Nxf7 Bxf4 31. b3 Ne4 32. a4+ Ka6 33. Bb2 g5 34. Nd8 Nd2+ 35. Ka2 g4 36. Bc3 g3 37. Ne6 Rxe6 38. Bxd2 Bc7 39. Rg1 Re2 40. Bg5 Rxc2+ 41. Kb1 Re2 42. Kc1 g2 43. Kd1 Ra2 44. Ke1 Bg3+ 45. Kd1 Bh2 46. Re1 g1Q 47. Rxg1 Bxg1 0-1

[Event "Titled Tuesday intern op 28th Mar Late"]
[Site "Chess.com INT"]
[Date "2023.03.28"]
[Round "2"]
[White "Klenburg, Mikhail"]
[Black "Pakleza, Zbigniew"]
[Result "0-1"]
[WhiteElo "2325"]
[BlackElo "2492"]
[PlyCount "120"]
[EventDate "2023.03.28"]
[EventType "swiss (blitz)"]
[EventRounds "11"]
[EventCountry "USA"]
[SourceTitle "EXT 2024"]
[Source "ChessBase"]
[SourceDate "2023.10.10"]
[SourceVersion "1"]
[SourceVersionDate "2023.10.10"]
[SourceQuality "1"]

1. e4 d6 2. d4 Nf6 3. Nc3 c6 4. f3 Qb6 5. Nge2 e5 6. g4 Nbd7 7. h4 Be7 8. h5 h6 9. Rb1 Nh7 10. Be3 Bg5 11. Qd2 Ndf6 12. Bg2 Bxe3 13. Qxe3 Ng5 14. 0-0 Be6 15. Qf2 0-0-0 16. Rfd1 Kb8 17. a3 Rhe8 18. dxe5 dxe5 19. Qxb6 axb6 20. Rxd8+ Rxd8 21. Rd1 Rf8 22. Kf2 Kc7 23. Ke3 b5 24. Ng3 Nd7 25. Bf1 Nf6 26. Be2 Ra8 27. Rd2 Nd7 28. Rd1 Nb6 29. Rb1 Nh3 30. Nf5 Bxf5 31. exf5 Nf4 32. Bf1 Nbd5+ 33. Nxd5+ Nxd5+ 34. Kf2 Rd8 35. Rd1 f6 36. Be2 Ra8 37. c4 bxc4 38. Bxc4 Nf4 39. Bb3 Rd8 40. Rxd8 Kxd8 41. Ke3 Kc7 42. Ke4 b5 43. Ke3 Kd6 44. Ke4 Kc5 45. Ke3 Nh3 46. Ke4 Ng5+ 47. Ke3 Kb6 48. Ke2 Ka5 49. Ke3 Nh3 50. Ke4 Nf4 51. Ke3 c5 52. Bf7 b4 53. axb4+ Kxb4 54. Kd2 c4 55. Kc2 Nd3 56. Bd5 Kc5 57. Be4 Nb4+ 58. Kd2 Kd4 59. Bb7 Na2 60. Kc2 Ke3 0-1

[Event "Titled Tuesday intern op 28th Mar Late"]
[Site "Chess.com INT"]
[Date "2023.03.28"]
[Round "5"]
[White "Klenburg, Mikhail"]
[Black "Raja, Rithvik R"]
[Result "0-1"]
[WhiteElo "2325"]
[BlackElo "2472"]
[PlyCount "88"]
[EventDate "2023.03.28"]
[EventType "swiss (blitz)"]
[EventRounds "11"]
[EventCountry "USA"]
[SourceTitle "EXT 2024"]
[Source "ChessBase"]
[SourceDate "2023.10.10"]
[SourceVersion "1"]
[SourceVersionDate "2023.10.10"]
[SourceQuality "1"]

1. g3 d5 2. Bg2 Nf6 3. d3 Bg4 4. Nd2 c6 5. h3 Bh5 6. g4 Bg6 7. f4 e6 8. e4 dxe4 9. dxe4 Bc5 10. Qe2 0-0 11. Ngf3 h6 12. Ne5 Bh7 13. Nd3 Bb6 14. Nc4 Nbd7 15. Bd2 Nc5 16. Nxb6 axb6 17. Nxc5 bxc5 18. Bc3 Ra4 19. b3 Rxe4 20. Bxe4 Nxe4 21. Qe3 Qh4+ 22. Kf1 Ng3+ 23. Kg2 Nxh1 24. Rxh1 Bxc2 25. Qe5 Qf6 26. Qxf6 gxf6 27. Kf3 Kg7 28. Rc1 Bd3 29. Ke3 Ba6 30. h4 Rd8 31. g5 hxg5 32. hxg5 Rd3+ 33. Kf2 Kg6 34. gxf6 Kf5 35. Be5 Rd2+ 36. Ke3 Re2+ 37. Kf3 Rxa2 38. Rg1 Be2+ 39. Ke3 Bg4 40. Rh1 Re2+ 41. Kd3 Rxe5 42. fxe5 Kxe5 43. Kc4 b6 44. Rf1 Be2+ 0-1

[Event "Titled Tuesday intern op 28th Feb Late"]
[Site "Chess.com INT"]
[Date "2023.02.28"]
[Round "4"]
[White "Klenburg, Mikhail"]
[Black "Milikow, Yoav"]
[Result "0-1"]
[WhiteElo "2325"]
[BlackElo "2416"]
[PlyCount "164"]
[EventDate "2023.02.28"]
[EventType "swiss (blitz)"]
[EventRounds "11"]
[EventCountry "USA"]
[SourceTitle "CBM 213 Extra"]
[Source "ChessBase"]
[SourceDate "2023.05.31"]
[SourceVersion "1"]
[SourceVersionDate "2023.05.31"]
[SourceQuality "1"]

1. g3 e5 2. Bg2 d5 3. d3 Nf6 4. Nf3 Nc6 5. 0-0 Be7 6. c3 a5 7. Qc2 0-0 8. Nbd2 h6 9. b3 Be6 10. Bb2 Re8 11. a3 Bd6 12. e4 dxe4 13. dxe4 Qd7 14. b4 b5 15. Rfe1 axb4 16. axb4 Ne7 17. Nb3 Ng6 18. Rxa8 Rxa8 19. Rd1 Qe8 20. Nfd2 Nd7 21. Nf1 Nb6 22. Ne3 Na4 23. Bc1 Bf8 24. Nd5 Qc8 25. Be3 c6 26. Nb6 Nxb6 27. Bxb6 Ra3 28. Nc5 Bh3 29. Qb2 Bxg2 30. Kxg2 Qg4 31. Re1 Ra8 32. Kf1 Qf3 33. h4 Rb8 34. Ba7 Rd8 35. Bb6 Rd1 36. Rxd1 Qxd1+ 37. Kg2 Qg4 38. Kf1 Bxc5 39. Bxc5 Qxe4 40. Qd2 Kh7 41. Be3 f5 42. Bc5 f4 43. h5 Nh8 44. gxf4 exf4 45. Bd4 Nf7 46. Qa2 Ng5 47. Qa7 Ne6 48. Qd7 Qh1+ 49. Ke2 Qe4+ 50. Kf1 f3 51. Kg1 Qg4+ 52. Kf1 Qf5 53. Ke1 Qe4+ 54. Kd2 Nxd4 55. cxd4 Qd5 56. Qe8 Qxd4+ 57. Kc2 Qc4+ 58. Kd1 Qxb4 59. Qg6+ Kg8 60. Qe6+ Kf8 61. Qc8+ Kf7 62. Qf5+ Ke8 63. Qc8+ Ke7 64. Qc7+ Kf6 65. Qxc6+ Kg5 66. Qxf3 Qd6+ 67. Ke1 Qf4 68. Qd5+ Qf5 69. Qg2+ Kxh5 70. Qxg7 Qe4+ 71. Kf1 Qb1+ 72. Kg2 Qe4+ 73. Kf1 Qb1+ 74. Kg2 Qg6+ 75. Qxg6+ Kxg6 76. Kf3 Kf5 77. Ke3 Kg4 78. f4 Kf5 79. Kf3 h5 80. Kg3 b4 81. Kh4 b3 82. Kxh5 b2 0-1

[Event "Titled Tuesday intern op 28th Feb Late"]
[Site "Chess.com INT"]
[Date "2023.02.28"]
[Round "2"]
[White "Perez Ponsa, Federico"]
[Black "Klenburg, Mikhail"]
[Result "1-0"]
[WhiteElo "2532"]
[BlackElo "2325"]
[PlyCount "67"]
[EventDate "2023.02.28"]
[EventType "swiss (blitz)"]
[EventRounds "11"]
[EventCountry "USA"]
[SourceTitle "CBM 213 Extra"]
[Source "ChessBase"]
[SourceDate "2023.05.31"]
[SourceVersion "1"]
[SourceVersionDate "2023.05.31"]
[SourceQuality "1"]

1. e4 d6 2. d4 Nf6 3. Nc3 e5 4. Nf3 Nbd7 5. Rg1 Be7 6. g4 g6 7. Be3 c6 8. a4 Qc7 9. g5 Nh5 10. Qd2 b6 11. d5 c5 12. Nb5 Qd8 13. Bh3 a6 14. Na3 b5 15. Bg4 Ng7 16. h4 Qc7 17. Rd1 Rb8 18. axb5 axb5 19. c3 Ba6 20. b4 c4 21. Ra1 Bc8 22. Nc2 Nb6 23. Bxc8 Nxc8 24. Ra5 0-0 25. Nh2 Nh5 26. Ng4 Kg7 27. f4 exf4 28. Bd4+ f6 29. gxf6+ Nxf6 30. Qxf4 Qd8 31. h5 Kg8 32. hxg6 Nxg4 33. gxh7+ Kxh7 34. Qxg4 1-0

[Event "EU-ch Rapid"]
[Site "Katowice"]
[Date "2022.12.17"]
[Round "6"]
[White "Shilov, Sergey A"]
[Black "Klenburg, Mikhail"]
[Result "1/2-1/2"]
[WhiteElo "2047"]
[BlackElo "2347"]
[PlyCount "91"]
[EventDate "2022.12.17"]
[EventType "swiss (rapid)"]
[EventRounds "11"]
[EventCountry "POL"]
[SourceTitle "CBM 211 Extra"]
[Source "ChessBase"]
[SourceDate "2023.01.31"]
[SourceVersion "1"]
[SourceVersionDate "2023.01.31"]
[SourceQuality "1"]

1. d4 d6 2. e4 Nf6 3. Nc3 g6 4. f4 Bg7 5. Nf3 0-0 6. e5 dxe5 7. dxe5 Qxd1+ 8. Kxd1 Rd8+ 9. Ke1 Nd5 10. Nxd5 Rxd5 11. Bc4 Rd8 12. Be3 Nc6 13. Kf2 a6 14. Rad1 Bf5 15. c3 h6 16. Nd4 Nxd4 17. Rxd4 Rxd4 18. Bxd4 Be4 19. Re1 Bc6 20. Bc5 Bf8 21. Rd1 e6 22. Be3 Be7 23. Be2 Kf8 24. Bf3 Bxf3 25. Kxf3 Ke8 26. g4 b5 27. Ke4 Rb8 28. b3 Rd8 29. Rxd8+ Kxd8 30. f5 Bf8 31. c4 bxc4 32. bxc4 Kd7 33. Bf2 Kc6 34. Be3 gxf5+ 35. gxf5 h5 36. fxe6 fxe6 37. h3 Bc5 38. Bd2 Bf2 39. Bb4 Bg3 40. Kd4 Kb6 41. Ke4 a5 42. Be7 a4 43. Bb4 Kc6 44. Be7 Kd7 45. Bc5 Kc6 46. Be7 1/2-1/2

[Event "EU-ch Blitz"]
[Site "Katowice"]
[Date "2022.12.16"]
[Round "16"]
[White "Dvirnyy, Danyyil"]
[Black "Klenburg, Mikhail"]
[Result "1-0"]
[WhiteElo "2530"]
[BlackElo "2347"]
[PlyCount "63"]
[EventDate "2022.12.16"]
[EventType "swiss (blitz)"]
[EventRounds "22"]
[EventCountry "POL"]
[SourceTitle "CBM 211 Extra"]
[Source "ChessBase"]
[SourceDate "2023.01.31"]
[SourceVersion "1"]
[SourceVersionDate "2023.01.31"]
[SourceQuality "1"]

1. e4 d6 2. d4 Nf6 3. Nc3 g6 4. Be3 c6 5. h3 Qa5 6. Bd3 Nbd7 7. f4 e5 8. Nf3 Bg7 9. 0-0 0-0 10. Qe1 Nh5 11. dxe5 dxe5 12. f5 Nf4 13. Qh4 Nxd3 14. cxd3 Qd8 15. Bg5 f6 16. Be3 Qe7 17. fxg6 hxg6 18. Qg3 Qe8 19. Rf2 b6 20. Rd1 Ba6 21. Rfd2 Qf7 22. d4 exd4 23. Rxd4 Bc8 24. Rd6 Nb8 25. e5 Be6 26. Ne4 Nd7 27. exf6 Nxf6 28. Neg5 Nh5 29. Qf2 Qf6 30. Rxe6 Qxb2 31. Qxb2 Bxb2 32. Rxg6+ 1-0

[Event "Titled Tuesday intern op 22nd Nov Late"]
[Site "Chess.com INT"]
[Date "2022.11.22"]
[Round "3"]
[White "Boyer, Mahel"]
[Black "Klenburg, Mikhail"]
[Result "1-0"]
[WhiteElo "2427"]
[BlackElo "2347"]
[PlyCount "97"]
[EventDate "2022.11.22"]
[EventType "swiss (blitz)"]
[EventRounds "11"]
[EventCountry "USA"]
[SourceTitle "CBM 211 Extra"]
[Source "ChessBase"]
[SourceDate "2023.01.31"]
[SourceVersion "1"]
[SourceVersionDate "2023.01.31"]
[SourceQuality "1"]

1. d4 d6 2. Qd3 Nf6 3. e4 c6 4. e5 dxe5 5. dxe5 Qxd3 6. Bxd3 Nd5 7. a3 Nd7 8. Nf3 Nc5 9. Be2 Bf5 10. Nd4 Bg6 11. c4 Nb6 12. Nc3 a5 13. Be3 e6 14. 0-0-0 0-0-0 15. h4 Rxd4 16. Rxd4 Nb3+ 17. Kd1 Nxd4 18. Bxd4 c5 19. Be3 h6 20. h5 Bh7 21. Kc1 Be7 22. Rh3 Rd8 23. Rg3 Bf8 24. Nb5 Bd3 25. Bxd3 Rxd3 26. Kc2 Rd7 27. Rg4 a4 28. Nd6+ Bxd6 29. exd6 f5 30. Rg6 Nxc4 31. Bxc5 e5 32. Kc3 b5 33. Kb4 Nxb2 34. Kxb5 Kb7 35. Re6 Nd3 36. Re7 Kc8 37. Kc6 Nxc5 38. Re8+ Rd8 39. Rxd8+ Kxd8 40. Kxc5 Kd7 41. Kd5 e4 42. Ke5 Kd8 43. Kxf5 Kd7 44. Ke5 Kd8 45. Ke6 Ke8 46. d7+ Kd8 47. Kd6 e3 48. fxe3 g5 49. hxg6 1-0